|
|
|
|
| LEADER |
00000nab a2200000 a 4500 |
| 001 |
vtls010281330 |
| 003 |
SK-MaSNL |
| 005 |
20260303204211.0 |
| 008 |
110526c2000 xo r m 000 00slo |
| 015 |
|
|
|a SNBRA2011/05SVKPO
|
| 038 |
|
|
|a SVKPO
|
| 040 |
|
|
|a SVKPOCL
|b slo
|c SVKPOCL
|e AACR2
|
| 041 |
0 |
|
|a slo
|
| 044 |
|
|
|a xo
|c SK
|
| 080 |
|
|
|a 82.02:929:821.161.1
|2 2001
|
| 080 |
|
|
|a 82.09:821.161.1
|2 2001
|
| 080 |
|
|
|a 821.161.1.02
|2 2001
|
| 080 |
|
|
|a 821.161.1.09
|2 2001
|
| 100 |
1 |
|
|a Plutková, Jana
|4 aut
|9 1237654
|
| 245 |
1 |
0 |
|a Hrdina našich čias ako genologický experiment
|c Jana Plutková
|
| 504 |
|
|
|a Bibliogr. odkazy
|
| 546 |
|
|
|a Res. rus.
|
| 600 |
1 |
7 |
|a Lermontov, Michail Jurievič,
|d 1814-1841
|t Hrdina našich čias
|2 svkpocl
|9 235210
|
| 650 |
0 |
7 |
|a ruská literatúra
|x romantizmus (literatúra)
|2 svkpocl
|9 1085484
|
| 650 |
0 |
7 |
|a genológia
|2 svkpocl
|9 24145
|
| 650 |
0 |
7 |
|a literárnovedné rozbory
|2 svkpocl
|9 241582
|
| 773 |
0 |
|
|t Slovanský romantizmus - o poetike - : zborník príspevkov z medzinárodnej konferencie
|d Banská Bystrica : Filologická fakulta Univerzity Mateja Bela, 2000
|g S. 125-129
|z 8080554161
|
| 852 |
|
|
|a SVKPO
|b KIS3GCP
|
| 958 |
|
|
|a SK
|
| 958 |
|
|
|a NB
|
| 958 |
|
|
|a LX
|
| 958 |
|
|
|a RU
|
| 958 |
|
|
|a SS
|
| 999 |
|
|
|c 2188917
|d 2190847
|